000 00782cpcaa22002297a 4500
001 mm 80002902
003 DLC
005 20260227111701.0
008 800129|||||||||||| eng
010 _amm 80002902
040 _aDLC
_edacs
_cDLC
_dDLC
072 7 _aW
_2lcmd
100 1 _aWilson, Thomas C.,
_dactive 1846-1847.
245 0 0 _aThomas C. Wilson deed,
_f1846-1847.
300 _a1
_fitem.
506 0 _aOpen to research.
533 _aIn part, handwritten transcript.
_b[S.l.].
580 _aForms part of: Miscellaneous Manuscripts collection.
546 _aCollection material in English.
999 _c42629
_d42629